EDUSAT: a dedicated satellite for education: (Record no. 142194)
[ view plain ]
| 000 -LEADER | |
|---|---|
| fixed length control field | 00718nam a22002057a 4500 |
| 005 - DATE AND TIME OF LATEST TRANSACTION | |
| control field | 20170630111517.0 |
| 010 ## - LCCN (DPL NO) | |
| LC control number | ENG-119072 |
| 020 ## - INTERNATIONAL STANDARD BOOK NUMBER | |
| International Standard Book Number | 9789380570723 |
| Terms of availability | 950 |
| 035 ## - SYSTEM CONTROL NUMBER | |
| System control number | EN-102604 |
| 037 ## - SOURCE OF ACQUISITION | |
| Source of stock number/acquisition | DBAD/PUB |
| 082 ## - DEWEY DECIMAL CLASSIFICATION NUMBER | |
| Classification number | 371.330954 |
| 100 ## - MAIN ENTRY--PERSONAL NAME | |
| Personal name | Pal, Rajendra |
| 245 ## - TITLE STATEMENT | |
| Title | EDUSAT: a dedicated satellite for education: |
| Remainder of title | capacity building of teachers and educators / |
| Statement of responsibility, etc | by Rajendra Pal [and] Pratima pallai |
| 260 ## - PUBLICATION, DISTRIBUTION, ETC. (IMPRINT) | |
| Place of publication, distribution, etc | Delhi |
| Name of publisher, distributor, etc | Global Books Organisation |
| Date of publication, distribution, etc | 2014 |
| 270 ## - ADDRESS | |
| Address | Saraswati House, U-9, Subhash Park, Uttam Nagar, New Delhi-110059 |
| 300 ## - PHYSICAL DESCRIPTION | |
| Extent | 206p |
| Dimensions | 22cm.(Hb) |
| 500 ## - GENERAL NOTE | |
| General note | Includes index |
| 505 ## - FORMATTED CONTENTS NOTE | |
| Formatted contents note | Background, researches and guidelines |
| 942 ## - ADDED ENTRY ELEMENTS (KOHA) | |
| Source of classification or shelving scheme | Dewey Decimal Classification |
| Item type | English Books |
| Classification part | 371.330954 |
| Call number suffix | PAL |
| Withdrawn status | Lost status | Not for loan | Collection code | Home library | Current library | Date acquired | Source of acquisition | Cost, normal purchase price | Full call number | Barcode | Copy number | Cost, replacement price | Koha item type |
|---|---|---|---|---|---|---|---|---|---|---|---|---|---|
| Non-fiction | Shahdara Branch | Shahdara Branch | 30/06/2017 | DBAD/PUB | 950.00 | 371.330954 PAL | EN-102604 | 1 | 950.00 | English Books |
